| 000 | 00784nam a22002177a 4500 | ||
|---|---|---|---|
| 003 | 0 | ||
| 005 | 20250129104238.0 | ||
| 008 | 150924b xxu||||| |||| 00| 0 eng d | ||
| 050 |
_aPGS LC 149.5 _b.P235 2015 |
||
| 100 | _aPark, Subin. | ||
| 245 |
_aFrequency of mobile phone usage and extent of academic performance / _cSubin Park. |
||
| 260 |
_aLas PiƱas City, Philippines : _bSouthville International School and Colleges, _c2015. |
||
| 300 |
_a24 p. : _bill. ; _c28 cm. |
||
| 504 | _aIncludes bibliographical references. | ||
| 650 | _aAcademic performance. | ||
| 650 | _aCell phones in education. | ||
| 650 | _aTechnology and education. | ||
| 650 |
_aMobile communication systems _vSocial aspects. |
||
| 650 |
_aDigital distractions _vAcademic aspects. |
||
| 942 |
_2lcc _cPASS |
||
| 999 |
_c288741 _d288741 |
||